00270nam a22001097a 4500020001800000082001200018100001800030245004100048260002800089300001000117650003300127 a9788173199646 a547 AHL aAhluwalia,V.K aGreen Solvents for Organic Synthesis aNew DelhibNarosac2009 a9.10p aChemistryaOrganic Synthesis